书目信息 |
| 题名: |
部门预算执行审计指南
|
|
| 作者: | 审计署行政事业审计司 编 | |
| 分册: | ||
| 出版信息: | 北京 中国时代经济出版社 2007.11 |
|
| 页数: | 384页 | |
| 开本: | 23cm | |
| 丛书名: | ||
| 单 册: | ||
| 中图分类: | F239.44-62 | |
| 科图分类: | ||
| 主题词: | 政府审计 | |
| 电子资源: | ||
| ISBN: | 978-7-80221-441-5 | |
| 000 | 00636nam0 2200181 450 | |
| 001 | 0834338558 | |
| 005 | 20081205153121.03 | |
| 010 | @a978-7-80221-441-5@dCNY44.00 | |
| 100 | @a20081205d2007 km y0chiy0120 ea | |
| 101 | 0 | @achi |
| 200 | 1 | @a部门预算执行审计指南@Abu men yu suan zhi xing shen ji zhi nan@f审计署行政事业审计司编@Fshen ji shu xing zheng shi ye shen ji si bian |
| 210 | @a北京@c中国时代经济出版社@d2007.11 | |
| 215 | @a384页@d23cm | |
| 606 | 0 | @a政府审计 |
| 690 | @aF239.44-62@v4 | |
| 701 | 0 | @a审计署行政事业审计司@Ashen ji shu xing zheng shi ye shen ji si@4编 |
| 801 | 0 | @aCN@bNISOFT@c20081205 |
| 905 | @aBZT@dF239.44-62@e1@f5 | |
| 部门预算执行审计指南/审计署行政事业审计司编.-北京:中国时代经济出版社,2007.11 |
| 384页;23cm |
| ISBN 978-7-80221-441-5:CNY44.00 |
| ● |
| 相关链接 |
|
|
|
正题名:部门预算执行审计指南
索取号:F239.44-62/1
 
预约/预借
| 序号 | 登录号 | 条形码 | 馆藏地/架位号 | 状态 | 备注 |
| 1 | 0687632 | 2000687632 | 样本书库/样001架A面4层2列/ [索取号:F239.44-62/1] | 在馆 | |
| 2 | 0687633 | 2000687633 | 中心书库北库/ 北库009架A面1列2层11/ [索取号:F239.44-62/1] | 在馆 | |
| 3 | 0687634 | 2000687634 | 中心书库北库/ 北库009架A面1列2层10/ [索取号:F239.44-62/1] | 在馆 | |
| 4 | 0687635 | 2000687635 | 中心书库北库/ 北库009架A面1列2层12/ [索取号:F239.44-62/1] | 在馆 | |
| 5 | 0687636 | 2000687636 | 中心书库北库/ 北库009架A面1列2层9/ [索取号:F239.44-62/1] | 在馆 |